000 00690nam a22001695i 4500
001 163070
003 ES-MaACL
005 20230906212649.0
008 971222s1825 sp a |||| | spa d
040 _aAR
_bspa
_cAR
110 2 _aReal Maestranza de Caballería de Zaragoza.
_9134791
245 1 0 _aOrdenanzas de la Real Maestranza de Caballería de la ciudad de Zaragoza.
260 _aZaragoza :
_b[s.n.],
_c1825 (
_fpor Francisco Magallón)
300 _a108 p., [1] h. de lám. ;
_c27 cm.
599 _aH. de lám.: "Narciso Lalana lo dib. en Zaragª, V. Capilla lo grabó en Val.ª", esc. de la Real Maestranza de Zaragoza y otros esc.
852 _aES-MaACL
_jG-14545
_z-- Enc. pasta
999 _c163070
_d163070